000 01094cam a2200253 a 4500
001 80317
003 BD-RjUL
005 20220908100255.0
008 160521s1884 pk 000 0 per d
035 _a(BD-RjUL)80317
040 _aLGG
_beng
_cLGG
_dOCLCO
_dOCLCA
_dOCLCQ
_dOCLCF
_dOCLCO
_dDLC
041 0 _aper
_aurd
082 _223
_a297.125
_bDEB 1884
100 1 _aدهلوي، عبد العزيز بن احمد,‏ # # Dihlawī, ʻAbd al-ʻAzīz ibn Aḥmad,
_d1746 or 1747-1823 or 1824.
_94686
245 1 0 _a بستان المحدثين # # Bustān al-muḥaddis̲īn./
_cShah Abdul Ajij dehlavi ; tarjumah Abdul Samey ## ،ترجمه عبد السميع ; شاه عبد العزيز بن دهلوي‏
260 _aKarachi :
_b nur muhammad ,
_c[1884]
300 _a226 pages ;
_c22 cm
500 _aLithographed.
650 0 _aHadith
_xAuthorities.
_9625
650 0 _aHadith
_xStudy and teaching
_vBio-bibliography.
_94687
650 0 _aHadith
_xCriticism, interpretation, etc.
_vBio-bibliography.
_94688
650 0 _aHadith scholars
_vBio-bibliography.
_94689
942 _2ddc
_cBK
999 _c80317
_d80317